01290nam a2200289 i 4500001000300000111011500003245026200118246005000380246001400430260007600444300002800520650002800548650002300576650002600599655002900625710003100654020001800685040000800703041000800711080003000719920002000749942000700769008004100776999001700817856009800834952006800932bg2 aIEEE International Conference on Methods and Models in Automation and Roboticsn(9 ;d2003 ;cMiędzyzdroje).10aProceedings of the 9th IEEE International Conference Methods and Models in Automation and Roboticsh[dokument elektroniczny] :bMMAR 2003 : 25-28 August 2003 Międzyzdroje, PolandcInstitute of Control Engineering, Technical University of Szczecin, Poland.30aMethods and models in automation and robotics30aMMAR 2003 aSzczecin :bWydawnictwo Uczelniane Politechniki Szczecińskiej,c2003. a1 dysk optyczny CD ROM. 9aAutomatykaxzagadnienia 9aSterowaniexteoria 9aRoboty i manipulatory aMateriały konferencyjne 0aPolitechnika Szczecińska a8876487X (CD) cBPK0 aeng a681.5:62-52:007.5:004(06) a88764-87-X (CD) cCD s pl f |000 0 pol  c24032d24032 uhttp://koha.tu.koszalin.pl/cgi-bin/koha/opac-detail.pl?biblionumber=24032yKatalog online BPK 00104071aBPKbBPKccoCD 1210p02176383t0/9(0.034.2) DeyCD